<?xml version="1.0" encoding="UTF-8"?>
<record
    xmlns:xsi="http://www.w3.org/2001/XMLSchema-instance"
    xsi:schemaLocation="http://www.loc.gov/MARC21/slim http://www.loc.gov/standards/marcxml/schema/MARC21slim.xsd"
    xmlns="http://www.loc.gov/MARC21/slim">

  <leader>01529cam a2200157   4500500</leader>
  <controlfield tag="005">20260412000224.0</controlfield>
  <datafield tag="041" ind1=" " ind2=" ">
    <subfield code="a">fre</subfield>
  </datafield>
  <datafield tag="042" ind1=" " ind2=" ">
    <subfield code="a">dc</subfield>
  </datafield>
  <datafield tag="100" ind1="1" ind2="0">
    <subfield code="a">Sp&#xF6;ri, Tanja</subfield>
    <subfield code="e">author</subfield>
  </datafield>
  <datafield tag="245" ind1="0" ind2="0">
    <subfield code="a">Hatred as a call for connection: Clinical&#xA0;perspectives on excess and&#xA0;expression</subfield>
  </datafield>
  <datafield tag="260" ind1=" " ind2=" ">
    <subfield code="c">2026.
							</subfield>
  </datafield>
  <datafield tag="500" ind1=" " ind2=" ">
    <subfield code="a">14</subfield>
  </datafield>
  <datafield tag="520" ind1=" " ind2=" ">
    <subfield code="a">An increasing number of children are referred to therapy because parents, schools, or social services say they can no longer contain them. Outbursts of anger, insults, blows, and expressions of hatred overwhelm the usual support systems. This article examines hatred not as a sign of individual pathology but as the expression of a relational and social overflow. Drawing on clinical vignettes and theoretical references, it shows how hatred traverses bodies, families, and institutions. The central hypothesis is that current educational responses, focused on the individualized management of emotions, tend to isolate affects that only take on meaning within relationships. Clinically, the challenge is therefore not to neutralize hatred but to welcome it as material to be symbolized within a shared space. The therapist&#x2019;s role is to support this process by offering parents and children a containing framework where hatred can be recognized, thought through, and transformed.</subfield>
  </datafield>
  <datafield tag="786" ind1="0" ind2=" ">
    <subfield code="n">Cahiers de psychologie clinique | 66 | 1 | 2026-03-12 | p. 227-240 | 1370-074X</subfield>
  </datafield>
  <datafield tag="856" ind1="4" ind2="1">
    <subfield code="u">https://shs.cairn.info/journal-cahiers-de-psychologie-clinique-2026-1-page-227?lang=en&amp;redirect-ssocas=7080</subfield>
  </datafield>
  <datafield tag="999" ind1=" " ind2=" ">
    <subfield code="c">2209410</subfield>
    <subfield code="d">2209410</subfield>
  </datafield>
</record>
